| 000 | 00849nam a22002177a 4500 | ||
|---|---|---|---|
| 999 |
_c8777 _d8777 |
||
| 003 | AR-CdUCM | ||
| 008 | 190326b ||||| |||| 00| 0 spa d | ||
| 040 |
_aMUNICIPALIDAD PROVINCIAL DEL CUSCO _cBIBLIOTECA MUNICIPAL DEL CUSCO |
||
| 082 |
_a869.814 / _bR58 |
||
| 100 |
_aRio Siutti, Sandra M. del _924477 |
||
| 245 | _aLa huella inventada / | ||
| 260 |
_aMontevideo : _bErreVe, _c2014. |
||
| 300 |
_a198 paginas ; _bIlustraciones, _c21 cm. |
||
| 505 | _aContenido : Acerca de lo que izo Jose Arquimedes Carrasco Mendoza -- Bienvenido Hanz Berger -- No beberas el destino de los otros -- En el principio fue la huella -- Por medio bigote... | ||
| 650 |
_aLiteratura latinoamericana _91143 |
||
| 650 |
_aLiteratura Uruguaya _915526 |
||
| 650 |
_aEnsayo _9274 |
||
| 856 | _fhttp://portalpedrense.com.uy/blogs | ||
| 942 |
_2ddc _cLIBROS |
||
| 945 | _awnts | ||